Fast typing quiz - Statistics

General Stats
  • This quiz has been taken 2,069 times
    2,068 since last reset
  • The average score is 44 of 55
Answer Stats
Words Type words % Correct
books books
100%
find find
99%
i i
99%
also also
98%
cant cant
98%
see see
98%
you you
98%
dont dont
97%
like like
97%
kidding kidding
96%
love love
96%
computer computer
95%
them them
95%
would would
95%
just just
94%
live live
94%
never never
94%
out out
94%
it it
93%
think think
93%
with with
93%
does does
92%
what what
92%
read read
90%
your your
90%
sea sea
89%
no no
88%
future future
87%
yes yes
87%
ball ball
84%
kind kind
84%
cup cup
81%
paper paper
81%
printer printer
78%
answer answer
76%
spray spray
74%
of of
72%
paint paint
72%
rows rows
70%
columns columns
63%
up up
63%
down down
60%
tweezers tweezers
60%
happy happy
59%
blue blue
58%
sad sad
58%
bad bad
56%
good good
56%
speakers speakers
52%
birthday birthday
49%
party party
49%
today today
44%
yesterday yesterday
43%
late late
42%
tomorrow tomorrow
41%
No matching quizzes found
Score Distribution
Percent of People with Each Score
Percentile by Number Answered
Your Score History
You have not taken this quiz since the last reset